A gazdaság térszerkezetének változásai Észak-Magyarországon az ezredforduló után

Elmentve itt :
Bibliográfiai részletek
Szerzők: Koncz Gábor
Szűcs Antónia
Nagyné Demeter Dóra
Dokumentumtípus: Cikk
Megjelent: 2018
Sorozat:Jelenkori társadalmi és gazdasági folyamatok 13 No. 1-2
Kulcsszavak:Gazdasági fejlődés - Magyarország - regionális - 21. sz.
Online Access:http://acta.bibl.u-szeged.hu/55831
LEADER 00804nab a2200205 i 4500
001 acta55831
005 20260224081030.0
008 181112s2018 hu o 000 hun d
022 |a 1788-7593 
040 |a SZTE Egyetemi Kiadványok Repozitórium  |b hun 
041 |a hun 
100 1 |a Koncz Gábor 
245 1 2 |a A gazdaság térszerkezetének változásai Észak-Magyarországon az ezredforduló után  |h [elektronikus dokumentum] /  |c  Koncz Gábor 
260 |c 2018 
300 |a 139-149 
490 0 |a Jelenkori társadalmi és gazdasági folyamatok  |v 13 No. 1-2 
695 |a Gazdasági fejlődés - Magyarország - regionális - 21. sz. 
700 0 1 |a Szűcs Antónia  |e aut 
700 0 2 |a Nagyné Demeter Dóra  |e aut 
856 4 0 |u http://acta.bibl.u-szeged.hu/55831/1/jelenkori_013_001_002_139-149.pdf  |z Dokumentum-elérés